Central Library OPAC University of Rajshahi

ইসলামী রাষ্ট্র প্রতিষ্ঠার দায়িত্ত্ব / (Record no. 44122)

MARC details
000 -LEADER
fixed length control field 00997nam a22002417a 4500
001 - CONTROL NUMBER
control field 44122
003 - CONTROL NUMBER IDENTIFIER
rucl marc code BD-RjUL
005 - DATE AND TIME OF LATEST TRANSACTION
control field 20211209053814.0
008 - FIXED-LENGTH DATA ELEMENTS--GENERAL INFORMATION
fixed length control field 160713s1965 bg ||||| |||| 00| 0 ben d
020 ## - INTERNATIONAL STANDARD BOOK NUMBER
Terms of availability : TK 3.50
035 ## - SYSTEM CONTROL NUMBER
System control number (BD-RjUL)44240
040 ## - CATALOGING SOURCE
Original cataloging agency BD-RjUL
Language of cataloging ben
Transcribing agency BD-RjUL
041 ## - LANGUAGE CODE
Language code of text/sound track or separate title ben
082 ## - DEWEY DECIMAL CLASSIFICATION NUMBER
Edition number 23
Classification number 297.272
Author mark and year ISI 1965
100 ## - MAIN ENTRY--PERSONAL NAME
Personal name ইসলাহী, ছদরুদ্দীন
9 (RLIN) 135466
245 10 - TITLE STATEMENT
Title ইসলামী রাষ্ট্র প্রতিষ্ঠার দায়িত্ত্ব /
Statement of responsibility, etc. ছদরুদ্দীন ইসলাহী
260 ## - PUBLICATION, DISTRIBUTION, ETC. (IMPRINT)
Place of publication, distribution, etc. ঢাকা :
Name of publisher, distributor, etc. ইসলামিক পাবলিকেশন্স,
Date of publication, distribution, etc. ১৯৬৫
300 ## - PHYSICAL DESCRIPTION
Pagination [১৬], ২২৮ পৃ. ;
Size ১৮ সেমি.
650 ## - SUBJECT ADDED ENTRY--TOPICAL TERM
Topical term or geographic name as entry element Islam and state.
9 (RLIN) 135467
Topical term or geographic name as entry element ইসলাম ও রাষ্ট্র
9 (RLIN) 122856
700 ## - ADDED ENTRY--PERSONAL NAME
Personal name রহমান, মুহাম্মাদ হাবীবুর, অনুবাদ
942 ## - ADDED ENTRY ELEMENTS (KOHA)
Source of classification or shelving scheme Dewey Decimal Classification
Koha item type Books
Holdings
Lost status Source of classification or shelving scheme Damaged status Not for loan Collection code Permanent Location Current Location Shelving location Date acquired Source of acquisition Cost, normal purchase price Total Checkouts Total Renewals Full call number Date last seen Date checked out Copy number Koha item type
  Dewey Decimal Classification     Non-fiction Central Library, University of Rajshahi Central Library, University of Rajshahi   30/05/1967 Rajushahi : Faruk Library 3.50 1 1 B 297.272 ISI 1965 28/02/2019 24/01/2019 C-2 Books